La llave maestra /

Guardado en:
Autor Principal: Togawa, Masako.
Otros Autores: Constante, Susana, trad.
Formato: Libro
Idioma:Spanish
Publicado: Barcelona : Cosecha roja, 1988.
Materias:
Etiquetas: Agregar Etiqueta
Sin Etiquetas, Sea el primero en etiquetar este registro!
LEADER 00595nam a22001935a 4500
001 EHU.bham052000
008 240325s1988####sp############000#0#spa#d
005 20240325103552.0
245 1 0 |a La llave maestra /  |c Masako Togawa ; trad. por Susana Constante. 
260 |a Barcelona :  |b Cosecha roja,  |c 1988. 
300 |a 184 p. 
020 |a 8440600089 
100 1 |a Togawa, Masako. 
700 1 |a Constante, Susana, trad. 
082 8 9 |a 895.63 T645 
653 |a Literatura japonesa 
653 |a Novela japonesa 
653 |a Colección Villar 
859 |a AR-BHAM  |b BIB. HUMANIDADES - General  |h 895.63  |i T645  |p 130.24  |t 1